000 01074 a2200217 4500
005 20260316122541.0
008 260316b |||||||| |||| 00| 0 eng d
020 _a9788179756256 (hbk)
037 _cTB
040 _aAL
_cAL
041 _2hin
_ahin
084 _aO152,1N373x Q7
_qAL
245 _aरमेशचंद्र शाह संचयिता
260 _aनई दिल्ली, भारत:
_bअनामिका पब्लिशर्स एण्ड डिस्ट्रीब्यूटर्स (प्रा.) लिमिटेड,
_c2017.
300 _a428पृ.
650 _aहिन्दी कविता
650 _aहिन्दी साहित्य
700 _aमेहेर, छबिल कुमार
_eसम्पादक
942 _cTB
_2CC
_hO152,1N373x Q7
999 _c1467077
_d1467077